000 01540nam a2200313 4500
001 0000023324
003 CO-CtgCURN
005 20250331183918.0
007 ta
008 160627s2005 000 0 eng d
020 _a9586483924
040 _aCO-CtgCURN
_bspa
_ccoctgcurn
082 0 _a158.7
_bA662p
100 1 _aAraque Perico, Julian.
245 1 0 _aPsicología organizacional e industrial /
_cJulian Araque Perico y Nicomedes Rivera Castañeda.
260 _aBogotá :
_bEcoe Ediciones,
_c2005.
300 _axvi, 317 p.
336 _2rdacontent
337 _2rdamedia
_asin mediacion
_bn
338 _2rdacarrier
_avolumen
_bnc
490 1 _aTextos universitarios. Administración
500 _aIncluye resumen, glosario y bibliografia al final de cada capitulo.
505 8 _aObjeto y metodo de la psicología industrial y de las organizaciones.--Desarrollo historico de la psicología industrial y de las organizaciones.--Motivacion humana en las organizaciones y la industria.--Selección de personal.--Adiestramiento y desarrollo de personal.--Psicología de la organizacion.--La motivacion y el liderazgo.--Psicología social y comunicación de masas.--Personalidada y poder politico.--La toma de decisiones.--Como lograr que la gente apoye su causa.--Como motivar a la gente en el trabajo
650 1 4 _aPsicología industrial.
700 1 _aRivera Castañeda, Nicomedes.
908 _a160627
942 _cBK
_h158.7
_iA662p
_2ddc
999 _c17296
_d17296